000 00546nam a22001937a 4500
003 URS
005 20221117155224.0
008 171213b xxu||||| |||| 00| 0 eng d
040 _curs
050 _aQA 154.2 C65 1999
245 _aCollege algebra
_bworktext
_cElsa F. Gerardo [et al.]
260 _aManila
_bPablo L. Bustamante III Press
_c1999
336 _2rdacontent
_atext
_btxt
337 _2rdamedia
_aunmediated
_bn
338 _2rdacarrier
_avolume
_bnc
650 0 _9192
_aAlgebra.
700 _4author
_aGerardo, Elsa F.
942 _2lcc
_cF
999 _c14718
_d14718